| 000 | 00379nam a2200157Ia 4500 | ||
|---|---|---|---|
| 008 | 241014s9999||||xx |||||||||||||| ||und|| | ||
| 020 | _a9788181473998 | ||
| 060 | _aHF 569 S 2003 | ||
| 100 | _aSims, Adrian | ||
| 245 | 0 | _aManagement Accounting Business Strategy | |
| 250 | _a2003 | ||
| 260 |
_aDelhi _bElsevier |
||
| 300 | _a682 | ||
| 650 | _aAccounting | ||
| 942 |
_bIBHM _cBK |
||
| 999 |
_c16258 _d16258 |
||